Nuovo progetto italiano 3 : corso multimediale di lingua e civiltà italiana. cd 2. livello intermedio - avanzato [cd-rom] /
Guardado en:
| Autor Principal: | |
|---|---|
| Formato: | Libro |
| Publicado: |
Roma :
Edilingua,
2008
|
| Materias: | |
| Etiquetas: |
Agregar Etiqueta
Sin Etiquetas, Sea el primero en etiquetar este registro!
|
| LEADER | 00768nam a22002175a 4500 | ||
|---|---|---|---|
| 001 | EHU.bham040487 | ||
| 003 | AR-BHAM | ||
| 005 | 20101111162206.0 | ||
| 008 | 130507s2008##################000#0#####d | ||
| 082 | 4 | 5 | |a 458 |
| 100 | 1 | |a Marín, T. | |
| 245 | 1 | 0 | |a Nuovo progetto italiano 3 : |b corso multimediale di lingua e civiltà italiana. cd 2. livello intermedio - avanzato [cd-rom] / |c T. Marín |
| 260 | |a Roma : |b Edilingua, |c 2008 | ||
| 300 | |a 1 disco comp.acto | ||
| 500 | |a Material complementario del Libro dello studente Inv. 325/10 | ||
| 505 | 0 | |a CD 2 (Unità 16-32) | |
| 653 | |a Italiano | ||
| 653 | |a Italiano-manuales | ||
| 653 | |a Italiano-aprendizaje | ||
| 653 | |a Idioma italiano | ||
| 859 | |a AR-BHAM |b BIB. HUMANIDADES - CDs y DVDs |h 458 |i M338 |p 330.10 |t Ej.1 |v III-2 CD |3 III-2 | ||
